|
|
|
|
| LEADER |
03569cam a2200925 i 4500 |
| 001 |
nkc20193133313 |
| 003 |
CZ PrNK |
| 005 |
20230710104513.0 |
| 007 |
ta |
| 008 |
191015s2019 xr e 000 0dcze d |
| 015 |
|
|
|a cnb003133313
|
| 020 |
|
|
|a 978-80-7412-325-2
|q (Refugium Velehrad-Roma ;
|q brožováno) :
|c Kč 100,00
|
| 035 |
|
|
|a (OCoLC)1135583404
|
| 040 |
|
|
|a OSA001
|b cze
|d BOA001
|d ABA001
|e rda
|
| 041 |
1 |
|
|a cze
|h ita
|
| 045 |
|
|
|a e-e-
|
| 072 |
|
7 |
|a 2-23/-27
|x Bible. Biblistika
|2 Konspekt
|9 5
|
| 080 |
|
|
|a 27-247.8
|2 MRF
|
| 080 |
|
|
|a 27-184
|2 MRF
|
| 080 |
|
|
|a 27-733
|2 MRF
|
| 080 |
|
|
|a 316.472.42
|2 MRF
|
| 080 |
|
|
|a 27
|2 MRF
|
| 080 |
|
|
|a 27-184.3
|2 MRF
|
| 080 |
|
|
|a 27-584
|2 MRF
|
| 080 |
|
|
|a 27-4
|2 MRF
|
| 080 |
|
|
|a 27-185.5
|2 MRF
|
| 080 |
|
|
|a 27-236.5
|2 MRF
|
| 080 |
|
|
|a 2-474-256-277
|2 MRF
|
| 080 |
|
|
|a 2-231
|2 MRF
|
| 080 |
|
|
|a (048.8)
|2 MRF
|
| 100 |
1 |
|
|a Rupnik, Marko Ivan,
|d 1954-
|7 jn19990007250
|4 aut
|
| 240 |
1 |
0 |
|a Alla mensa di Betania.
|l Česky
|
| 245 |
1 |
0 |
|a U stolu v Betánii :
|b víra, hrob a přátelství /
|c Marko Ivan Rupnik ; z italského originálu Alla mensa di Betania - la fede, la tomba e l'amicizia ... přeložil Ctirad Václav Pospíšil
|
| 250 |
|
|
|a Vydání první
|
| 264 |
|
1 |
|a Olomouc :
|b nakladatelství Centra Aletti Refugium Velehrad-Roma, s.r.o.,
|c 2019
|
| 300 |
|
|
|a 86 stran ;
|c 21 cm
|
| 336 |
|
|
|a text
|b txt
|2 rdacontent
|
| 337 |
|
|
|a bez média
|b n
|2 rdamedia
|
| 338 |
|
|
|a svazek
|b nc
|2 rdacarrier
|
| 490 |
1 |
|
|a Prameny spirituality ;
|v LXXII.
|
| 504 |
|
|
|a Obsahuje bibliografické odkazy
|
| 600 |
0 |
7 |
|a Ježíš Kristus
|7 ola2002103454
|2 czenas
|
| 600 |
0 |
9 |
|a Jesus Christ
|2 eczenas
|
| 630 |
0 |
7 |
|a Bible.
|p Jan XI, 1-53
|7 unn20191057610
|2 czenas
|
| 630 |
0 |
7 |
|a Bible.
|p Jan XII, 1-11
|7 unn20191057612
|2 czenas
|
| 630 |
0 |
9 |
|a Bible.
|p John XI, 1-53
|2 eczenas
|
| 630 |
0 |
9 |
|a Bible.
|p John XII, 1-11
|2 eczenas
|
| 648 |
|
7 |
|a 1. století
|7 ch460539
|2 czenas
|
| 650 |
0 |
7 |
|a Bůh a člověk
|7 ph116953
|x křesťanské pojetí
|2 czenas
|
| 650 |
0 |
7 |
|a duchovní povolání
|7 ph119631
|x křesťanské pojetí
|2 czenas
|
| 650 |
0 |
7 |
|a přátelství
|7 ph124922
|x křesťanské pojetí
|2 czenas
|
| 650 |
0 |
7 |
|a křesťanská víra
|7 ph122113
|2 czenas
|
| 650 |
0 |
7 |
|a duchovní život
|7 ph114375
|2 czenas
|
| 650 |
0 |
7 |
|a křesťanský život
|7 ph122132
|2 czenas
|
| 650 |
0 |
7 |
|a spása
|7 ph162849
|2 czenas
|
| 650 |
0 |
7 |
|a biblické postavy
|7 ph118857
|y 1. století
|2 czenas
|
| 650 |
0 |
7 |
|a biblická interpretace
|7 ph118847
|2 czenas
|
| 650 |
0 |
7 |
|a biblické citáty
|7 ph118853
|2 czenas
|
| 650 |
0 |
9 |
|a relations between God and man
|x religious approach
|2 eczenas
|
| 650 |
0 |
9 |
|a spiritual vocations
|x religious approach
|2 eczenas
|
| 650 |
0 |
9 |
|a friendship
|x religious approach
|2 eczenas
|
| 650 |
0 |
9 |
|a Christian faith
|2 eczenas
|
| 650 |
0 |
9 |
|a spiritual life
|2 eczenas
|
| 650 |
0 |
9 |
|a Christian life
|2 eczenas
|
| 650 |
0 |
9 |
|a salvation
|2 eczenas
|
| 650 |
0 |
9 |
|a Bible persons
|y 1st century
|2 eczenas
|
| 650 |
0 |
9 |
|a Biblical interpretation
|2 eczenas
|
| 650 |
0 |
9 |
|a Biblical quotations
|2 eczenas
|
| 655 |
|
7 |
|a studie
|7 fd133597
|2 czenas
|
| 655 |
|
9 |
|a studies
|2 eczenas
|
| 700 |
1 |
|
|a Pospíšil, Ctirad Václav,
|d 1958-2025
|7 jn99240000900
|4 trl
|
| 710 |
2 |
|
|a Jezuité.
|b Česká provincie.
|b Centrum Aletti Velehrad-Roma
|7 kn20020906019
|4 isb
|
| 830 |
|
0 |
|a Prameny spirituality
|0 s
|
| 910 |
2 |
|
|a BOA001
|b 2-1434.992
|
| 920 |
|
|
|a 000778096
|z OSA001
|
| 928 |
9 |
|
|a Refugium Velehrad-Roma
|
| 990 |
|
|
|a BK
|
| 995 |
|
|
|a 01
|
| 991 |
|
|
|b 201911
|c NOV
|
| 996 |
6 |
|
|b 2610805123
|c 2-1434.992
|l MZK
|r Sklad / do 1 hodiny
|n 0
|p p.v.
|w 001766523
|u 000010
|a 1
|e BOA001
|j MZK50
|s P
|